En Yakın Altı Ülke - Gambiya - Statistics

General Stats
  • This quiz has been taken 58 times
  • The average score is 3 of 6
Answer Stats
km ülke % Correct
0 Senegal
92%
74 Gine
63%
214 Moritanya
55%
61 Gine-Bissau
47%
189 Mali
45%
413 Sierra Leone
27%
No matching quizzes found
Score Distribution
Percent of People with Each Score
Percentile by Number Answered
Your Score History
You have not taken this quiz